| 000 | 01102 a2200253 4500 | ||
|---|---|---|---|
| 999 |
_c5800 _d5800 |
||
| 020 | _a1853838896 (hardback) | ||
| 020 | _a1853838888 (pbk.) | ||
| 050 | 0 | 0 | _aSD411 SEL 2002 |
| 100 |
_aPagiola, Stefano _eeditor |
||
| 245 | 0 | 0 |
_aSelling forest environmental services : _bmarket-based mechanisms for conservation and development / _cedited by Stefano Pagiola, Joshua Bishop, and Natasha Landell-Mills. |
| 264 |
_aLondon : _bEarthscan Publications, _c2002. |
||
| 300 |
_axix, 299 p. : _bill. ; |
||
| 500 | _aIncludes bibliographical references | ||
| 504 | _aIncludes bibliographical references. | ||
| 650 | 0 | _aForest conservation. | |
| 650 | 0 | _aForest management. | |
| 650 | 0 |
_aForests and forestry _xEnvironmental aspects. |
|
| 700 | 1 |
_aPagiola, Stefano. _eeditor |
|
| 700 | 1 |
_aBishop, Joshua. _eeditor |
|
| 700 | 1 |
_aLandell-Mills, Natasha. _eeditor |
|
| 856 | 4 | 1 |
_3Table of contents _uhttp://www.loc.gov/catdir/toc/fy034/2002009275.html |
| 942 |
_2lcc _cBK _h411 _iSEL _kSD |
||